[Event "WchT Blitz Pool D"]
[Site "London"]
[Date "2025.06.14"]
[Round "3.6"]
[White "Jain, Gautam"]
[Black "Ongono, Victor"]
[Result "1-0"]
[WhiteElo "1979"]
[BlackElo "1560"]
[PlyCount "49"]
[EventDate "2025.06.14"]
[EventType "team-tourn"]
[EventRounds "13"]
[EventCountry "ENG"]
[SourceTitle "CB25_2025"]
[SourceDate "2025.06.18"]
[SourceVersion "1"]
[SourceVersionDate "2025.06.18"]
[SourceQuality "1"]
[WhiteTeam "English Knightmares"]
[BlackTeam "Kenya Equity Bank"]
[WhiteTeamCountry "ENG"]
[BlackTeamCountry "KEN"]

1. e4 d5 2. exd5 Qxd5 3. Nc3 Qa5 4. d4 Bf5 5. Nf3 e6 6. Bd2 c6 7. Be2 Nf6 8. Nh4 Bg6 9. Nxg6 hxg6 10. h3 Nbd7 11. Ne4 Qc7 12. Nxf6+ Nxf6 13. c3 0-0-0 14. Qa4 Kb8 15. 0-0-0 Ne4 16. Be3 Nd6 17. Bf4 Qb6 18. Kb1 f6 19. c4 Qc7 20. c5 e5 21. cxd6 Rxd6 22. dxe5 Rxd1+ 23. Rxd1 Qb6 24. exf6+ Kc8 25. Bg4# 1-0

[Event "KEN-ch"]
[Site "Nairobi"]
[Date "2022.12.26"]
[Round "1"]
[White "Adorwa Kadenge, Brian"]
[Black "Ongono, Victor"]
[Result "1-0"]
[WhiteElo "1778"]
[BlackElo "1331"]
[PlyCount "89"]
[EventDate "2022.12.26"]
[EventType "swiss"]
[EventRounds "9"]
[EventCountry "KEN"]
[SourceTitle "EXT 2024"]
[Source "ChessBase"]
[SourceDate "2023.10.10"]
[SourceVersion "1"]
[SourceVersionDate "2023.10.10"]
[SourceQuality "1"]

1. e4 c5 2. Nf3 Nc6 3. d4 cxd4 4. Nxd4 g6 5. Nxc6 bxc6 6. Bc4 Bg7 7. 0-0 Nf6 8. e5 Ng4 9. f4 Nh6 10. Nd2 Nf5 11. Ne4 0-0 12. c3 Qb6+ 13. Kh1 Ne3 14. Bxe3 Qxe3 15. Ng3 Rd8 16. Qb3 e6 17. Rae1 Qb6 18. Rd1 Ba6 19. Bxa6 Qxa6 20. a3 Rab8 21. Qc2 Qb6 22. Rd2 Bh6 23. Ne4 Qe3 24. Re2 Qb6 25. b4 d5 26. exd6 f5 27. Nc5 Rxd6 28. Nxe6 Re8 29. Ng5 Rxe2 30. Qxe2 Qd8 31. Qc4+ Rd5 32. Qxc6 Bxg5 33. fxg5 Rd1 34. Qc4+ Kg7 35. h4 Qd6 36. Rxd1 Qxd1+ 37. Kh2 Qd6+ 38. Kh3 Qe5 39. Qd4 Qxd4 40. cxd4 Kf7 41. Kg3 Ke6 42. Kf3 Kd5 43. Ke3 f4+ 44. Kd3 a6 45. a4 1-0